काक्रोची / (Record no. 116560)

MARC details
000 -LEADER
fixed length control field 01079nam a22002777a 4500
003 - CONTROL NUMBER IDENTIFIER
control field dpl
005 - DATE AND TIME OF LATEST TRANSACTION
control field 20180721160153.0
008 - FIXED-LENGTH DATA ELEMENTS--GENERAL INFORMATION
fixed length control field 180721b xxu||||| |||| 00| 0 eng d
010 ## - LIBRARY OF CONGRESS CONTROL NUMBER
LC control number A-920510
020 ## - INTERNATIONAL STANDARD BOOK NUMBER
Terms of availability 60.00
International Standard Book Number 8121406552
035 ## - SYSTEM CONTROL NUMBER
System control number A-920510, A-920514
037 ## - SOURCE OF ACQUISITION
Source of stock number/acquisition Cen Lib/Ret
040 ## - CATALOGING SOURCE
Original cataloging agency DPL
Language of cataloging HN
Transcribing agency 0
082 ## - DEWEY DECIMAL CLASSIFICATION NUMBER
Classification number
Item number विनाय
100 ## - MAIN ENTRY--PERSONAL NAME
Personal name विनायक
9 (RLIN) 500
245 ## - TITLE STATEMENT
Title काक्रोची /
Statement of responsibility, etc विनायक
246 ## - VARYING FORM OF TITLE
Title proper/short title Kaakrochi /
Remainder of title by Vinayak
260 ## - PUBLICATION, DISTRIBUTION, ETC. (IMPRINT)
Name of publisher, distributor, etc नेशनल पब्लिशिंग हाउस
Place of publication, distribution, etc नयी दिल्ली
Date of publication, distribution, etc 1997
270 ## - ADDRESS
City नयी दिल्ली
Address 2/35, अंसारी रोड, दरयागंज
Postal code 110002
300 ## - PHYSICAL DESCRIPTION
Extent 105पृ.
Dimensions 16सेमी(सजिल्द )
650 ## - SUBJECT ADDED ENTRY--TOPICAL TERM
Topical term or geographic name as entry element हिंदी साहित्य
General subdivision
Geographic subdivision
9 (RLIN) 67153
650 ## - SUBJECT ADDED ENTRY--TOPICAL TERM
Topical term or geographic name as entry element हिंदी साहित्य
General subdivision कहानियां
9 (RLIN) 67154
650 ## - SUBJECT ADDED ENTRY--TOPICAL TERM
Topical term or geographic name as entry element Hindi literature
9 (RLIN) 67155
650 ## - SUBJECT ADDED ENTRY--TOPICAL TERM
Topical term or geographic name as entry element Hindi literature
General subdivision stories
9 (RLIN) 67156
942 ## - ADDED ENTRY ELEMENTS (KOHA)
Source of classification or shelving scheme Dewey Decimal Classification
Koha item type Hindi Books
Classification part
Call number suffix विनाय
Holdings
Withdrawn status Lost status Damaged status Not for loan Home library Current library Date acquired Source of acquisition Cost, normal purchase price Total Checkouts Full call number Barcode Date last seen Copy number Cost, replacement price Price effective from Koha item type Source of classification or shelving scheme Collection code
        Central Library Central Library 25/08/2015 Cen Lib/Ref 60.00   क विनाय A-920510 25/08/2015 1 60.00 25/08/2015 Hindi Books    
        Shahdara Branch Shahdara Branch 21/07/2018 BPPD/PUB 60.00   क विनाय A-920514 21/07/2018   60.00 21/07/2018 Hindi Books Dewey Decimal Classification Fiction

© Delhi Public Library
Hit Counter
free hit counter